Studies in the fourth Gospel / (Record no. 2342)

MARC details
000 -LEADER
fixed length control field 00756cam a2200241 a 4500
001 - CONTROL NUMBER
control field 11039
003 - CONTROL NUMBER IDENTIFIER
control field GBCCL
005 - DATE AND TIME OF LATEST TRANSACTION
control field 20241126110427.0
008 - FIXED-LENGTH DATA ELEMENTS--GENERAL INFORMATION
fixed length control field 691014s1969 miu b 00110 eng
010 ## -
-- 68012790 //r832
035 ## - SYSTEM CONTROL NUMBER
System control number OCM00021321
040 ## - CATALOGING SOURCE
Original cataloging agency DLC
Transcribing agency DLC
Modifying agency m.c.
-- LBB
049 ## -
-- LBBK
-- LBBT
-- LBBC
-- LBBA
050 00 -
-- BS2615.2
-- .M6 1969
082 0# - DEWEY DECIMAL CLASSIFICATION NUMBER
Classification number 226.506
Item number MOR
100 1# - MAIN ENTRY--PERSONAL NAME
Personal name Morris, Leon,
Dates associated with a name 1914-
9 (RLIN) 3096
245 10 - TITLE STATEMENT
Title Studies in the fourth Gospel /
Statement of responsibility, etc. by Leon Morris.
260 ## - PUBLICATION, DISTRIBUTION, ETC.
Place of publication, distribution, etc. Grand Rapids, Mich. :
Name of publisher, distributor, etc. William B. Eerdmans Pub. Co.,
Date of publication, distribution, etc. c1969.
300 ## - PHYSICAL DESCRIPTION
Extent 374 p. ;
Dimensions 23 cm.
504 ## - BIBLIOGRAPHY, ETC. NOTE
Bibliography, etc. note Includes bibliographical references and indexes.
630 00 - SUBJECT ADDED ENTRY--UNIFORM TITLE
Uniform title Bible.
Name of part/section of a work N.T.
-- John
General subdivision Criticism, interpretation, etc.
9 (RLIN) 2928
942 ## - ADDED ENTRY ELEMENTS (KOHA)
Source of classification or shelving scheme Dewey Decimal Classification
Koha item type Books
Koha issues (borrowed), all copies 7
Holdings
Withdrawn status Lost status Source of classification or shelving scheme Damaged status Not for loan Home library Current Library Shelving location Date acquired Total checkouts Total renewals Full call number Barcode Date last seen Date last checked out Copy number Price effective from Koha item type
    Dewey Decimal Classification     GRACE BIBLE COLLEGE GRACE BIBLE COLLEGE Biblical Studies 2017-08-04 9 3 226.506 MOR 000503 2025-05-01 2024-12-05 c.1 2017-08-04 Books
© Grace Bible College Library 2025